000 00907nmm a2200277 a 4500
001 ocm0002146654
003 TR-IsHL
005 20201028183448.0
008 190402s2017 tu tur
007 cr cn
020 _a9786059221641
035 _a2146654
_b(N$T)
050 0 4 _aHF5655
_b.A33 2017
090 0 4 _aHF5655
_b.A33 2017
100 1 _aAkdoğan, Habib
245 1 0 _aGeçmişten günümüze muhasebe mesleği ve öğretiminde yaşanan gelişmeler
_h[electronic resource] /
_cHabib Akdoğan
260 _aAnkara :
_bSiyasal Kitabevi,
_c2017
300 _a142 p.
500 _aKaynakça var
650 4 _aEkonomi ve Finans
650 4 _aEconomics and Finance
650 0 _aMuhasebe
650 0 _aAccounting
650 7 _aBUSINESS & ECONOMICS / Accounting / General
_2bisacsh
856 4 0 _uhttp://search.ebscohost.com/login.aspx?direct=true&scope=site&db=e011xww&AN=2146654
999 _c20551
_d20551